|
|
|
|
| LEADER |
01568nam a2200433Ia 4500 |
| 001 |
EBC169036 |
| 003 |
MiAaPQ |
| 005 |
20200520144314.0 |
| 006 |
m o d | |
| 007 |
cr cn||||||||| |
| 008 |
990713s2000 enk sb 001 0 eng d |
| 010 |
|
|
|z 99038470
|
| 020 |
|
|
|z 0203062531
|
| 020 |
|
|
|z 0415223539 (cloth)
|
| 020 |
|
|
|z 0415223547 (pbk.)
|
| 035 |
|
|
|a (MiAaPQ)EBC169036
|
| 035 |
|
|
|a (Au-PeEL)EBL169036
|
| 035 |
|
|
|a (CaPaEBR)ebr10054549
|
| 035 |
|
|
|a (CaONFJC)MIL40108
|
| 035 |
|
|
|a (OCoLC)71348377
|
| 040 |
|
|
|a MiAaPQ
|c MiAaPQ
|d MiAaPQ
|
| 050 |
|
4 |
|a HC412
|b .T68 2000
|
| 082 |
0 |
4 |
|a 332/.095
|2 21
|
| 245 |
0 |
0 |
|a Towards recovery in Pacific Asia
|h [electronic resource] /
|c edited by Gerald Segal and David S.G. Goodman.
|
| 260 |
|
|
|a London ;
|a New York :
|b Routledge,
|c 2000.
|
| 300 |
|
|
|a x, 148 p.
|
| 490 |
1 |
|
|a ESRC Pacific Asia programme
|
| 504 |
|
|
|a Includes bibliographical references (p. [132]-142) and index.
|
| 533 |
|
|
|a Electronic reproduction. Ann Arbor, MI : ProQuest, 2015. Available via World Wide Web. Access may be limited to ProQuest affiliated libraries.
|
| 650 |
|
0 |
|a Financial crises
|z Asia.
|
| 651 |
|
0 |
|a Asia
|x Foreign economic relations.
|
| 651 |
|
0 |
|a Asia
|x Economic conditions
|y 1945-
|
| 651 |
|
0 |
|a Asia
|x Economic policy.
|
| 655 |
|
4 |
|a Electronic books.
|
| 700 |
1 |
|
|a Segal, Gerald,
|d 1953-
|
| 700 |
1 |
|
|a Goodman, David S. G.
|
| 710 |
2 |
|
|a ProQuest (Firm)
|
| 830 |
|
0 |
|a ESRC Pacific Asia Programme (Series)
|
| 856 |
4 |
0 |
|u https://ebookcentral.proquest.com/lib/matrademy/detail.action?docID=169036
|z Click to View
|